[Event "ch-CZE 2014"]
[Site "Ostrava CZE"]
[Date "2014.04.27"]
[Round "2.16"]
[White "Miculka, Petr"]
[Black "Kanovsky, David"]
[Result "0-1"]
[BlackTitle "IM"]
[WhiteElo "2017"]
[BlackElo "2416"]
[WhiteFideId "312282"]
[BlackFideId "316210"]
[EventDate "2014.04.26"]

1. e4 c5 2. Nf3 e6 3. c3 d5 4. exd5 exd5 5. Bb5+ Nc6 6. O-O Bd6 7. d4 Ne7 8. Re1
O-O 9. Be3 c4 10. Ba4 Bf5 11. Bc2 b5 12. Nbd2 b4 13. Nh4 Bxc2 14. Qxc2 Qd7 15.
h3 a5 16. Ndf3 f6 17. Nh2 a4 18. Qd2 a3 19. Reb1 axb2 20. Qxb2 Rfb8 21. cxb4
Nxb4 22. N4f3 Qa4 23. Ne1 Nxa2 24. Qc2 Rxb1 25. Rxb1 Nb4 26. Qe2 Qd7 27. g4 Qe6
28. Qf3 Nec6 29. Nf1 Ra3 30. Qf5 Qxf5 31. gxf5 Ne7 32. Ng3 Bxg3 33. Rxb4 Nxf5
34. Nc2 Ra2 35. fxg3 Rxc2 36. Bf4 Nxd4 0-1

[Event "ch-CZE 2014"]
[Site "Ostrava CZE"]
[Date "2014.04.28"]
[Round "3.9"]
[White "Kriebel, Tadeas"]
[Black "Cvek, Robert"]
[Result "1/2-1/2"]
[WhiteTitle "FM"]
[BlackTitle "GM"]
[WhiteElo "2366"]
[BlackElo "2519"]
[WhiteFideId "330027"]
[BlackFideId "307424"]
[EventDate "2014.04.26"]

1. e4 e6 2. d4 d5 3. Nc3 Bb4 4. exd5 exd5 5. Bd3 Nc6 6. Ne2 Nge7 7. O-O Bg4 8.
a3 Ba5 9. Be3 O-O 10. b4 Bb6 11. h3 Bf5 12. Na4 Qd7 1/2-1/2

[Event "ch-CZE 2014"]
[Site "Ostrava CZE"]
[Date "2014.04.29"]
[Round "4.39"]
[White "Miculka, Petr"]
[Black "Jedlicka, Ales"]
[Result "0-1"]
[BlackTitle "FM"]
[WhiteElo "2017"]
[BlackElo "2199"]
[WhiteFideId "312282"]
[BlackFideId "304824"]
[EventDate "2014.04.26"]

1. e4 c5 2. Nf3 d6 3. Bb5+ Bd7 4. Bxd7+ Qxd7 5. c4 Nf6 6. Nc3 g6 7. d4 cxd4 8.
Nxd4 Bg7 9. O-O O-O 10. f3 a6 11. a4 Nc6 12. Nde2 Rac8 13. Rb1 e6 14. Bg5 h6 15.
Be3 Ne5 16. b3 Rfd8 17. Qd2 d5 18. cxd5 exd5 19. Bxh6 dxe4 20. Qxd7 Nfxd7 21.
Bxg7 exf3 22. Bh6 fxe2 23. Nxe2 Nc5 24. Bg5 Rd7 25. Rfc1 Ned3 26. Rc4 Re8 27.
Ng3 f5 28. a5 Ne6 29. Bf6 Kf7 30. Bc3 Ng5 31. Rf1 f4 32. h4 Re3 33. Bd2 Rxg3 34.
Bxf4 Nxf4 35. hxg5 Rxg2+ 36. Kh1 Rxg5 37. Rfxf4+ Rf5 38. b4 Kf6 39. Kg2 Rd2+ 40.
Kf3 Rb2 41. Rd4 Ke5 42. Re4+ Kd5 43. Rd4+ Kc6 44. Ke3 Kb5 45. Rxf5+ gxf5 46. Rd7
f4+ 47. Kf3 Rb3+ 48. Kf2 Rxb4 49. Rxb7+ Kxa5 50. Rf7 Rd4 51. Rb7 Ka4 52. Rb6 a5
53. Ke2 Ka3 54. Rb5 a4 55. Rb6 Rb4 56. Rc6 Kb2 57. Kd2 Rd4+ 58. Ke2 a3 59. Rb6+
Kc3 60. Ra6 Kb3 0-1

[Event "ch-CZE 2014"]
[Site "Ostrava CZE"]
[Date "2014.04.30"]
[Round "5.3"]
[White "Biolek, Richard Jr."]
[Black "Babula, Vlastimil"]
[Result "1/2-1/2"]
[WhiteTitle "IM"]
[BlackTitle "GM"]
[WhiteElo "2418"]
[BlackElo "2553"]
[WhiteFideId "319996"]
[BlackFideId "301264"]
[EventDate "2014.04.26"]

1. d4 Nf6 2. c4 e6 3. Nc3 Bb4 4. e3 O-O 5. Bd3 b6 6. Ne2 d5 7. a3 Bxc3+ 8. Nxc3
Ba6 9. cxd5 Bxd3 10. Qxd3 exd5 11. O-O Re8 12. b3 Nbd7 13. a4 Nf8 14. Ba3 Ne6
15. Rac1 c6 16. Rc2 Rc8 17. Rfc1 Qd7 18. Qf5 h6 19. Ne2 Qb7 1/2-1/2

[Event "ch-CZE 2014"]
[Site "Ostrava CZE"]
[Date "2014.05.02"]
[Round "7.7"]
[White "Krejci, Jan2"]
[Black "Hausner, Ivan"]
[Result "1-0"]
[WhiteTitle "GM"]
[BlackTitle "IM"]
[WhiteElo "2518"]
[BlackElo "2370"]
[WhiteFideId "322156"]
[BlackFideId "300110"]
[EventDate "2014.04.26"]

1. d4 Nf6 2. c4 e6 3. Nc3 Bb4 4. e3 c5 5. Ne2 cxd4 6. exd4 b6 7. a3 Be7 8. d5 d6
9. dxe6 Bxe6 10. Nf4 O-O 11. Nxe6 fxe6 12. Qe2 e5 13. g3 Nc6 14. Bg2 Nd4 15. Qd3
Rc8 16. O-O Qc7 17. Nd5 Nxd5 18. Bxd5+ Kh8 19. Be3 Bf6 20. Kg2 Qd7 21. Rae1 Rce8
22. b4 a6 23. Rc1 Rc8 24. Qe4 Rc7 25. f3 Qa4 26. Rc3 a5 27. Rb1 b5 28. c5 dxc5
29. bxc5 b4 30. axb4 axb4 31. Rcc1 Qb5 32. Bc4 Qxc5 33. Bd3 1-0

[Event "ch-CZE 2014"]
[Site "Ostrava CZE"]
[Date "2014.05.02"]
[Round "7.18"]
[White "Voloshin, Leonid"]
[Black "Bartos, Jan"]
[Result "1/2-1/2"]
[WhiteTitle "GM"]
[BlackTitle "FM"]
[WhiteElo "2391"]
[BlackElo "2232"]
[WhiteFideId "311111"]
[BlackFideId "315060"]
[EventDate "2014.04.26"]

1. d4 d5 2. c4 c6 3. e3 Nf6 4. Nf3 Bf5 5. Nc3 a6 6. a4 e6 7. Bd3 Bg6 8. O-O Nbd7
9. Qe2 Bxd3 10. Qxd3 dxc4 11. Qxc4 c5 12. dxc5 Bxc5 13. e4 Qc7 14. Qe2 O-O 15.
Bg5 Ne5 16. Rac1 Nxf3+ 17. Qxf3 Qe5 18. Bf4 Qh5 19. e5 Qxf3 20. gxf3 Nd7 21.
Rfd1 Rfd8 22. Ne4 Be7 23. Rc7 Nxe5 24. Rxd8+ Bxd8 25. Bxe5 Bxc7 26. Bxc7 Rc8 27.
Bb6 Rc4 28. a5 Rb4 29. Nc5 Rxb2 30. Nxb7 Kf8 31. Nc5 Ke7 32. Nxa6 Kd7 33. Kg2
Rb1 34. Nb8+ Kc8 35. Nc6 f6 36. Nd4 Kd7 37. f4 g6 38. Nc2 Kc6 39. Ne3 Rb4 40.
Kf3 Rb3 41. Bd8 Ra3 42. Kg3 Kd7 43. Bb6 Kc6 44. h3 Kd7 45. Kg2 Ra4 46. Nc2 Rxf4
47. Nd4 e5 48. a6 Kc8 49. Ne6 Rb4 50. a7 Kb7 51. Nc7 Rxb6 52. a8=Q+ Kxc7 53. Qg8
g5 54. Qxh7+ Kd6 55. Qf7 Kc5 56. Kg3 Rd6 57. Kg4 Rd4+ 58. Kf5 Rf4+ 59. Ke6 Kd4
60. Qa7+ Kd3 61. Qe3+ Kc4 62. Kf7 Kd5 63. Qd3+ Kc5 64. Kg6 Kc6 65. Qd2 Kc5 66.
Qxf4 gxf4 67. h4 e4 68. h5 e3 69. fxe3 fxe3 70. h6 e2 71. h7 e1=Q 72. h8=Q Qe4+
73. Kf7 Qd5+ 74. Kg6 Qe4+ 75. Kf7 f5 76. Qc8+ Kd4 77. Qh8+ Qe5 78. Qh4+ f4 79.
Qf2+ Qe3 80. Qb2+ Ke4 81. Qb7+ Kd3 82. Qd5+ Ke2 83. Qg2+ Kd3 84. Qd5+ Qd4 85.
Qf3+ Kc4 86. Qc6+ Kb4 87. Qb7+ Kc3 88. Qf3+ Kd2 89. Qg2+ Ke3 90. Qg1+ Ke4 91.
Qg6+ Kd5 92. Qe6+ Kc5 93. Qc8+ Kb5 94. Qb7+ Kc4 95. Qc6+ 1/2-1/2

[Event "ch-CZE 2014"]
[Site "Ostrava CZE"]
[Date "2014.05.02"]
[Round "7.34"]
[White "Toman, Jaroslav"]
[Black "Folkova, Martina"]
[Result "1/2-1/2"]
[BlackTitle "WFM"]
[WhiteElo "2220"]
[BlackElo "2179"]
[WhiteFideId "317365"]
[BlackFideId "304271"]
[EventDate "2014.04.26"]

1. d4 d5 2. c4 e6 3. Nc3 c6 4. Bf4 dxc4 5. a4 Bb4 6. e3 Nf6 7. Bxc4 Nbd7 8. Ne2
O-O 9. O-O Qa5 10. Qb3 Be7 11. e4 e5 12. Bd2 Bb4 13. Qc2 exd4 14. Nxd4 Qc5 15.
Nce2 Bxd2 16. Nb3 Qb4 17. Nxd2 Ne5 18. Ba2 b6 19. Qc3 Qxc3 20. Nxc3 Ba6 21. Rfd1
Rfd8 22. Bb1 Nd3 23. Bxd3 Bxd3 24. Re1 Rd4 25. f3 Bc2 26. Nf1 Rad8 27. Ne3 Bb3
28. Re2 g6 29. Kf2 Nd7 30. Nc2 Bxc2 31. Rxc2 Nc5 32. Ke2 Nb3 33. Ra3 Rd2+ 34.
Rxd2 Rxd2+ 35. Ke3 Rxb2 36. Nd1 Rb1 37. Nc3 Rb2 38. Nd1 Rb1 39. Nc3 Re1+ 40. Kf2
Nd4 1/2-1/2

[Event "ch-CZE 2014"]
[Site "Ostrava CZE"]
[Date "2014.05.03"]
[Round "8.1"]
[White "Rausis, Igors"]
[Black "Navara, David"]
[Result "0-1"]
[WhiteTitle "GM"]
[BlackTitle "GM"]
[WhiteElo "2578"]
[BlackElo "2706"]
[WhiteFideId "11600098"]
[BlackFideId "309095"]
[EventDate "2014.04.26"]

1. e4 c5 2. Nf3 Nc6 3. c3 d5 4. exd5 Qxd5 5. d4 Bf5 6. Be3 Nf6 7. Qb3 cxd4 8.
Nxd4 Nxd4 9. Bxd4 e5 10. Bb5+ Bd7 11. Bxd7+ Kxd7 12. Be3 Qxg2 13. Rf1 Qd5 14. c4
Qf3 15. Nc3 Be7 16. Rd1+ Ke8 17. Nd5 Nxd5 18. Rxd5 f6 19. Rg1 g5 20. Rg3 Qh1+
21. Ke2 Qe4 22. f3 Qh4 23. c5 e4 24. Bf2 e3 25. Bg1 h5 26. Rd3 Rd8 27. Rxe3 Qf4
28. Kf1 Kf8 29. Re1 Rh7 30. Rg2 g4 31. Qxb7 gxf3 32. Rc2 Qf5 33. Qe4 Qh3+ 34.
Kf2 Bxc5+ 35. Rxc5 Qg2+ 36. Ke3 Re7 0-1

[Event "ch-CZE 2014"]
[Site "Ostrava CZE"]
[Date "2014.05.03"]
[Round "8.24"]
[White "Olsarova, Karolina"]
[Black "Sindler, Michal"]
[Result "1-0"]
[WhiteTitle "WIM"]
[WhiteElo "2279"]
[BlackElo "2157"]
[WhiteFideId "320242"]
[BlackFideId "325287"]
[EventDate "2014.04.26"]

1. e4 c5 2. Nf3 d6 3. Bb5+ Nd7 4. d4 Nf6 5. O-O cxd4 6. Qxd4 e5 7. Qd3 h6 8. c4
Be7 9. Nc3 a6 10. Bxd7+ Bxd7 11. b3 O-O 12. a4 Qc7 13. Ba3 Be6 14. Rfd1 Rfd8 15.
h3 Rac8 16. Nh2 b6 17. Nf1 Qb7 18. f3 Bf8 19. Ne3 Rb8 20. Kh2 Bd7 21. Qe2 Bc6
22. Nf5 Ne8 23. Nd5 Bxd5 24. Rxd5 g6 25. Ne3 Nc7 26. Rd2 b5 27. cxb5 axb5 28. a5
b4 29. Bb2 Na6 30. Qd1 Qc7 31. Nd5 Qa7 32. f4 Nc5 33. Nf6+ Kg7 34. fxe5 dxe5 35.
Rxd8 Kxf6 36. Qd5 Qc7 37. Rf1+ Kg5 38. Rxb8 Qxb8 39. Bxe5 Qe8 40. Bf6# 1-0

[Event "ch-CZE 2014"]
[Site "Ostrava CZE"]
[Date "2014.05.03"]
[Round "8.33"]
[White "Chlevistan, Jakub"]
[Black "Toman, Jaroslav"]
[Result "0-1"]
[WhiteElo "2142"]
[BlackElo "2220"]
[WhiteFideId "317411"]
[BlackFideId "317365"]
[EventDate "2014.04.26"]

1. Nf3 c5 2. c4 Nc6 3. d4 cxd4 4. Nxd4 e6 5. Nc3 Qc7 6. e4 Nf6 7. Be2 Bb4 8. Nb5
Qb8 9. a3 Be7 10. O-O a6 11. Nd4 O-O 12. Kh1 d6 13. f4 Bd7 14. Nc2 b5 15. c5
dxc5 16. e5 Nd5 17. Nxd5 exd5 18. Qxd5 Qc7 19. Be3 Be6 20. Qe4 Rad8 21. Bf3 Na5
22. f5 Bd5 23. Qf4 Bxf3 24. Rxf3 f6 25. exf6 Qxf4 26. Rxf4 Bxf6 27. Bxc5 Nb3 0-1

[Event "ch-CZE 2014"]
[Site "Ostrava CZE"]
[Date "2014.05.03"]
[Round "8.40"]
[White "Vesely, Martin"]
[Black "Hladik, Lumir"]
[Result "1-0"]
[WhiteElo "2156"]
[BlackElo "2034"]
[WhiteFideId "314269"]
[BlackFideId "306142"]
[EventDate "2014.04.26"]

1. d4 Nf6 2. Nf3 d5 3. c4 e6 4. Nc3 Be7 5. Bg5 O-O 6. e3 c6 7. Bd3 dxc4 8. Bxc4
b5 9. Bd3 Bb7 10. O-O h6 11. Bh4 a6 12. e4 b4 13. Na4 Nbd7 14. e5 Nd5 15. Bxe7
Qxe7 16. Rc1 c5 17. Nxc5 Nxc5 18. Rxc5 f5 19. Qd2 g5 20. Rfc1 Rf7 21. Ne1 Rg7
22. Nc2 Nf4 23. Bf1 a5 24. Ne3 g4 25. Nxf5 Qg5 26. Ne3 Nh3+ 27. Kh1 Rf8 28. f3
gxf3 29. g3 Be4 30. Bxh3 f2+ 31. Bg2 Bxg2+ 32. Kxg2 Qf4 33. Kf1 Qg5 34. Rc8 Rf7
35. Rxf8+ Rxf8 36. Qe2 Kh8 37. Rc7 Qg6 38. Qc2 1-0